Alle Champions League Torschützen von Borussia Dortmund seit 2010 - Statistiken

Allgemein
  • Dieses Quiz wurde 249 mal gespielt
  • Das Durchschnittsergebnis liegt bei 29 aus 44
Antwortstatistiken
Tore Position Nationalität Antwort % Korrekt
23 Mittelfeld Deutschland Marco Reus
100%
17 Angriff Polen Robert Lewandowski
100%
15 Angriff Norwegen Erling Haaland
99%
15 Angriff Gabun Pierre-Emerick Aubameyang
98%
6 Mittelfeld England Jude Bellingham
93%
2 Abwehr Deutschland Mats Hummels
92%
4 Mittelfeld Japan Shinji Kagawa
91%
4 Angriff Italien Ciro Immobile
89%
5 Mittelfeld England Jadon Sancho
89%
9 Abwehr Portugal Raphael Guerreiro
88%
4 Angriff Niederlande Donyell Malen
87%
4 Abwehr Marokko Achraf Hakimi
86%
3 Mittelfeld Polen Jakub Blaszczykowski
86%
3 Abwehr Griechenland Sokratis Papastathopoulos
81%
3 Mittelfeld Deutschland Mario Götze
80%
2 Mittelfeld USA Christian Pulisic
75%
1 Angriff Spanien Paco Alcacer
75%
1 Abwehr Polen Lukasz Piszczek
74%
2 Mittelfeld Armenien Henrikh Mkhitaryan
73%
1 Mittelfeld Türkei Nuri Sahin
71%
2 Mittelfeld Belgien Thorgan Hazard
70%
2 Mittelfeld Belgien Axel Witsel
68%
4 Mittelfeld Deutschland Julian Brandt
68%
1 Angriff Ukraine Andrey Yarmolenko
67%
1 Angriff Deutschland Niclas Füllkrug
67%
1 Abwehr Deutschland Marcel Schmelzer
66%
4 Angriff Kolumbien Adrian Ramos
62%
4 Angriff Deutschland Karim Adeyemi
58%
2 Abwehr Brasilien Felipe Santana
57%
2 Mittelfeld Deutschland Kevin Großkreutz
55%
1 Mittelfeld England Jamie Bynoe-Gittens
54%
1 Mittelfeld Deutschland Sebastian Kehl
54%
2 Mittelfeld Frankreich Ousmane Dembelé
53%
1 Abwehr Spanien Marc Bartra
51%
1 Mittelfeld Deutschland Ilkay Gündogan
49%
1 Mittelfeld Kroatien Ivan Perisic
48%
1 Angriff Deutschland Julian Schieber
39%
1 Mittelfeld Dänemark Jacob Bruun Larsen
35%
1 Mittelfeld Deutschland Julian Weigl
28%
1 Mittelfeld Deutschland Andre Schürrle
27%
1 Mittelfeld Deutschland Mahmoud Dahoud
26%
1 Mittelfeld Deutschland Felix Nmecha
23%
1 Mittelfeld Deutschland Gonzalo Castro
18%
1 Abwehr Deutschland Felix Passlack
16%
Keine übereinstimmenden Quizze gefunden
Verteilung der Resultate
Anzahl Personen mit jedem Resultat
Perzentil nach korrekt beantworteten Fragen
Ihre Resultats-Entwicklung
Sie haben dieses Quiz noch nicht gespielt